Normal view
MARC view
Entry Personal Name
001 - CONTROL NUMBER
- control field: 17491
003 - CONTROL NUMBER IDENTIFIER
- control field: BD-DhEWU
005 - DATE AND TIME OF LATEST TRANSACTION
- control field: 20140814161028.0
008 - FIXED-LENGTH DATA ELEMENTS
- fixed length control field: 140814|| aca||aabn | a|a d
040 ## - CATALOGING SOURCE
- Original cataloging agency: BD-DhEWU
- Transcribing agency: BD-DhEWU
100 ## - HEADING--PERSONAL NAME
- Personal name: Egan, James
670 ## - SOURCE DATA FOUND
- Source citation: Work cat.: (BD-DhEWU)2903: Egan, James , Money and banking 91/92 /, 1991